Titles of the kings in the world - Statistics

General Stats
  • This quiz has been taken 113 times
  • The average score is 21 of 28
Answer Stats
Hint Answer % Correct
Jordan King
100%
Morocco King
100%
South Africa King
100%
Swaziland King
100%
Lesotho King
100%
Norway King
100%
Spain King
100%
Netherlands King
100%
Belgium King
100%
Oman Sultan
95%
Saudi Arabia Sultan
95%
Bahrain Sultan
95%
Malaysia Sultan
95%
Brunei Sultan
95%
Japan Emperor
92%
Liechtenstein Prince
87%
UK Queen
83%
Denamark Queen
83%
Vatican City Pope
80%
Qatar Emir
73%
UAE Emir
73%
Sweden Duke
56%
Luxembourg Grand Duke
41%
Andorra Co-Prince
35%
Cambodia Ruler
8%
Bhutan Druk Gyalpo
7%
Monaco Monarch
7%
Thailand Phrabat Somdet Phra Vajira Klao Chao Yu Hua
2%
No matching quizzes found
Score Distribution
Percent of People with Each Score
Percentile by Number Answered
Your Score History
You have not taken this quiz